Multilateral trade negotiations among less developed countries <a> new field for the GATT

Na minha lista:
Detalhes bibliográficos
Autor principal: Langhammer, Rolf J.
Formato: Livro
Idioma:inglês
Publicado em: Kiel Institut für Weltwirtschaft 1980
Tags: Adicionar Tag
Sem tags, seja o primeiro a adicionar uma tag!

MARC

LEADER 00000nam a2200000 4500
001 c111308
005 20181203150319.5
041 0 |a eng 
044 |a DE 
245 1 0 |a Multilateral trade negotiations among less developed countries  |b <a> new field for the GATT  |c Rolf J. Langhammer 
264 1 |a Kiel  |b Institut für Weltwirtschaft  |c 1980 
300 |a 18 s. 
100 1 |a Langhammer, Rolf J.